000 00956cam a22002775a 4500
001 18586006
005 20171024124902.0
008 150420t2016 paua frb 001 0 eng d
020 _a9781451193978
020 _a1451193971
040 _aDNLM/DLC
_beng
_cDLC
_dDLC
_dEG-ScBUE
082 0 4 _a362.173
_222
_bTRA
245 0 0 _aTranscultural concepts in nursing care /
_c[editors] Margaret M. Andrews, Joyceen S. Boyle.
250 _a7th ed.
260 _aPhiladelphia :
_bWolters Kluwer,
_cc.2016.
300 _a1v. (Various pagings) :
_bill. ;
_c23 cm.
504 _aIncludes bibliographical references and index.
650 7 _aTranscultural nursing.
_2BUEsh
_936287
650 7 _aNursing
_2BUEsh
_928875
_xSocial aspects.
651 _2BUEsh
653 _bNNUR
_cDecember2016
_cSeptember2017
_cOctober2017
655 _vText book
_933728
700 1 _aAndrews, Margaret M.,
_eeditor.
_937895
700 1 _aBoyle, Joyceen S.,
_eeditor.
_937896
942 _2ddc
999 _c23725
_d23697